000 00367nam a2200145Ia 4500
008 230711s9999||||xx |||||||||||||| ||und||
041 _aENG
082 _a5
_bGH-G
100 _aStevens,Roger T
245 0 _aAdvanced graphics programming in C and C++
250 _a1st
260 _c1993
_aNew Delhi
_bBPB Publications
650 _aComputer Engineering
942 _cBK
999 _c2535
_d2535